000 00703nam a2200289Ia 4500
005 20260324112702.0
008 008 260324s9999 xx 000 0 eng d
020 _a9781003490869
037 _aEBOOK
040 _aCRL
040 _beng
040 _cCRL
041 _2eng
041 _aeng
084 _qCRL
100 _aSarhan M. Musa; Matthew N. O. Sadiku; Warsame Hassan Ali
_91143729
245 0 _aSignals and Systems
245 2 _bA Primer with MATLABĀ®
260 _bTaylor and Francis
260 _c2024
365 _a
365 _b180
856 _uhttp://www.taylorfrancis.com/books/9781003490869
942 _cEBOOK
999 _c1733030
_d1733030